00747nam a22001697a 4500003000900000008004100009040007100050082001800121100003300139245005900172260002600231300001900257505026000276650001300536650001300549650001500562AR-CdUCM190411b ||||| |||| 00| 0 spa d aMUNICIPALIDAD PROVINCIAL DEL CUSCOcBIBLIOTECA MUNICIPAL DEL CUSCO a808.81 /bA29 aAguirre Abarca, Silvia Elena aEnsayo : bOcaso de una dictadura de estilo oriental / aCusco :bPozo,c2001. a88 páginas ; aContenido : Autogolpe del 05 de abril de 1992 -- Constitución de 1993 -- Actos arbitrarios y dictadura civil -- Vínculos y dominio del estado peruano por el sistema de inteligencia nacional y Vladimiro Montesinos Torres; Rol de las fuerzas Armadas ... aHistoria aFujimori aPolítica